| 000 | 01240nam a2200301Ia 4500 | ||
|---|---|---|---|
| 001 | 25357 | ||
| 003 | IT-RoPAU | ||
| 008 | 130308s9999 xx 000 0 und d | ||
| 040 | _aIT-RoPAU | ||
| 040 | _cIT-RoPAU | ||
| 041 | _aFRANCESE | ||
| 100 | _aGallagher Margaret | ||
| 100 | _gCodice Aut. SPICS: 9684 | ||
| 245 | _aFemmes et les industries culturelle s (Les) | ||
| 245 | _bIndustries Culturelles (Les)-Un Enjeu pour l'avenir de la Culture | ||
| 250 | _a1a ed. | ||
| 260 | _aPARIS | ||
| 260 | _bUnesco | ||
| 260 | _c1982 [1° Ed.:1982 - Ed.Ling.Originale:1982] | ||
| 300 | _a"18 p. (prefazione: no ; testo: 18 [pagine: 67-84])" | ||
| 500 | _aDonne e industrie Culturali Cultura industrie Culturali e Produzione di Senso Particolarità dei Rapporti della donna con le industrie Culturali Processo di Socializzazione e immagini della donna Nei Mass Media ruoli Funzionali Situazione delle Donne Impiegate Nei Media Donne e Loro Rapporto con la Produzione dei Media impatto delle immagini della donna Presentate Dai Media Donne nel Quadro dei Media e nella Loro Realtà Sociale | ||
| 650 | _aSAGGI DI SOCIOLOGIA | ||
| 650 | _eCodice materia Spics: 3657 | ||
| 942 | _cBK | ||
| 957 | _71 | ||
| 999 |
_c42937 _d42937 |
||
| 999 | _bSI | ||
| 999 | _g1 | ||